000
00263 a2200121 4500
001
64547
082
_a
891.4393
090
_c
38175
_d
38175
100
_a
Sang-e-meel
245
_a
Nanon Ki Ainak
_h
Urdu
260
_a
Lahore
_b
Sange-e- Meel
_c
2000
300
_a
20p.
942
_a
NUST-CAE
_k
891.4393
999
_c
299620
_d
299620